Управление интеллектуальным капиталом развивающейся компании: учебное пособие для вузов

Bibliografiset tiedot
Päätekijä: Шаш Н. Н. Наталия Николаевна
Yhteenveto:Уникальность данного пособия заключается в том, что в российской практике это пока первая попытка в доступной форме изложить проблемы управления интеллектуальным капиталом компании, проанализировать структуру интеллектуального капитала и предложить методики для его адекватной оценки.Пособие адресовано студентам высших учебных заведений, обучающихмся по специальностям, связанным с менеджментом, маркетингом, организацией и ведением бизнеса. Будет полезно представителям бизнес-сферы: руководителям компаний, практикующим менеджерам, специалистам в сфере управленческого консультирования и бизнес-образования, а также всем лицам, интересующимся перспективными практическими технологиями обучения и развития сотрудников в организации. Предлагаемый материал может быть использован при разработке и внедрении программ развития интеллектуального капитала компании, систем организационного обучения и управления знаниями в компании.
Kieli:venäjä
Julkaistu: Москва, Инфра-М, 2014
Sarja:Магистратура
Aiheet:
Aineistotyyppi: MixedMaterials Kirja
KOHA link:https://koha.lib.tpu.ru/cgi-bin/koha/opac-detail.pl?biblionumber=267943

MARC

LEADER 00000nam0a2200000 4500
001 267943
005 20231101234125.0
010 |a 9785977603300 
010 |a 978-5-16-010103-3 
035 |a (RuTPU)RU\TPU\book\291056 
090 |a 267943 
100 |a 20140822d2014 m y0rusy50 ca 
101 0 |a rus 
102 |a RU 
105 |a a j 001zy 
200 1 |a Управление интеллектуальным капиталом развивающейся компании  |e учебное пособие для вузов  |f Н. Н. Шаш 
210 |a Москва  |c Инфра-М  |c Магистр  |d 2014 
215 |a 367 с.  |c ил. 
225 1 |a Магистратура 
320 |a Библиогр.: с. 362-367. 
330 |a Уникальность данного пособия заключается в том, что в российской практике это пока первая попытка в доступной форме изложить проблемы управления интеллектуальным капиталом компании, проанализировать структуру интеллектуального капитала и предложить методики для его адекватной оценки.Пособие адресовано студентам высших учебных заведений, обучающихмся по специальностям, связанным с менеджментом, маркетингом, организацией и ведением бизнеса. Будет полезно представителям бизнес-сферы: руководителям компаний, практикующим менеджерам, специалистам в сфере управленческого консультирования и бизнес-образования, а также всем лицам, интересующимся перспективными практическими технологиями обучения и развития сотрудников в организации. Предлагаемый материал может быть использован при разработке и внедрении программ развития интеллектуального капитала компании, систем организационного обучения и управления знаниями в компании. 
606 1 |a Предприятия  |x Интеллектуальный капитал  |x Управление  |2 stltpush  |3 (RuTPU)RU\TPU\subj\67735  |9 83427 
610 1 |a интеллектуальные ресурсы 
610 1 |a интеллектуальный капитал 
610 1 |a интеллектуальный менеджмент 
610 1 |a интеллектуальный потенциал 
610 1 |a человеческий капитал 
610 1 |a развитие 
610 1 |a модели 
610 1 |a знания 
610 1 |a управление знаниями 
610 1 |a организационное обучение 
610 1 |a инновационные подходы 
610 1 |a обучение действием 
610 1 |a измерения 
610 1 |a комплексная оценка 
610 1 |a учебные пособия 
686 |a У9(2)29-2я73  |v LBC/SL-A  |2 rubbk 
700 1 |a Шаш  |b Н. Н.  |g Наталия Николаевна 
801 1 |a RU  |b 63413507  |c 20140822 
801 2 |a RU  |b 63413507  |c 20141020  |g RCR 
900 |a Интеллектуальная собственность 
900 |a Управление персоналом на предприятии 
942 |c BK 
959 |a 89/20140527  |d 1  |e 749,90  |f ЧЗГЛ:1